| 000 | 01412nam a2200229Ia 4500 | ||
|---|---|---|---|
| 003 | Ost | ||
| 005 | 20260507075724.0 | ||
| 008 | 260507s9999||||xx |||||||||||||| ||und|| | ||
| 040 | _cfsecg | ||
| 041 | _aara | ||
| 082 | _a657.42 | ||
| 100 |
_aالجمال، محمد رشيد _eمؤلف |
||
| 245 | 0 |
_aنظم قياس التكاليف / _c محمد رشيد الجمال |
|
| 260 |
_aالاسكندرية: _bالدار الجامعية, _c2004 |
||
| 300 |
_a403 صفحة؛ _bإيضاحات ؛ _c23 سم |
||
| 520 | _aهذا الكتاب في نظام تكاليف المراحل حالة انتظام عناصر إضافة عناصر التكاليف ، اجراءات المراحل في حالة انتظام عناصر التكاليف ، جراءات المراحل في ظل مسموحات وخسائر التشغيل ، نظام التكاليف والمراحل على اساس معياري ، تعدد المنتجات المتصلة والفرعية ، أنظمة تكاليف العمليات والعقود ، نظام التكاليف في ظل نظام الانتاج في الوقت المناسب jit ، نظام التكاليف الاوامر في قطاع الخدمات | ||
| 653 | _aالادارة - تكاليف | ||
| 653 | _aالتكاليف | ||
| 653 | _aالمحاسبة التكاليف | ||
| 700 |
_aمحرم زينات، محمد _eمؤلف ثانوي |
||
| 942 | _cكتاب | ||
| 999 |
_c45963 _d45963 |
||